Rhymes With Fly - Statistics

General Stats
  • This quiz has been taken 417 times
  • The average score is 18 of 20
Answer Stats
Hint Answer % Correct
D Die
99%
L Lie
99%
W Why
98%
H Hi
97%
P Pie
95%
F Fry
94%
R Rye
93%
B Bye
92%
C Cry
92%
D Dry
92%
G Guy
91%
E Eye
90%
D Dye
87%
L Lye
85%
B Buy
83%
S Sigh
83%
S Shy
82%
F Fly
79%
S Sky
78%
S Spy
77%
No matching quizzes found
Score Distribution
Percent of People with Each Score
Percentile by Number Answered
Your Score History
You have not taken this quiz